A tutorial guide to AutoCAD 2002 (Record no. 33596)

MARC details
000 -LEADER
fixed length control field 00443nam a22001817a 4500
005 - DATE AND TIME OF LATEST TRANSACTION
control field 20230918100437.0
008 - FIXED-LENGTH DATA ELEMENTS--GENERAL INFORMATION
fixed length control field 230918b |||||||| |||| 00| 0 eng d
020 ## - INTERNATIONAL STANDARD BOOK NUMBER
ISBN 9780130351364
082 ## - DEWEY DECIMAL CLASSIFICATION NUMBER
Classification number 620.0042
Item number LOC-T
100 ## - MAIN ENTRY--AUTHOR
Author Name Lockhart shawna
245 ## - TITLE STATEMENT
Title A tutorial guide to AutoCAD 2002
260 ## - PUBLICATION, DISTRIBUTION, ETC.
Place of Publication USA
Name of publisher, distributor, etc. Pearson
Date of publication, distribution, etc. 2003
300 ## - PHYSICAL DESCRIPTION
Pages 604
500 ## - GENERAL NOTE
General note Includes Index
650 ## - SUBJECT ADDED ENTRY--TOPICAL TERM
Subject / Department Computer
700 ## - ADDED ENTRY--PERSONAL NAME
Personal name Shawna lockhart

No items available.

Powered by Koha